01740nam a2200289 a 450000100100000000500170001000800410002704000250006808200210009310000430011424500950015726000370025230000210028949000240031059000260033465000540036065000560041470000350047083000300050591000420053595202070057795201330078495201850091795201980110295201330130099900170143300001036320250129121827.0091006s1980 dr r 000 p spa d aDO-SdBNPbspacBNPHU aRD861.44bG261re1 aGatón Arce, Freddy,d1920-19949794610aRetiro hacia la luz :bpoesía 1944-1979 /cFreddy Gatón Arce ; prólogo Manuel Rueda. aSanto Domingo :bSiboney,c1980. a173 p. ;c21 cm.1 aContemporáneosv1 aInventariado, 2018/BT 4aPoesía dominicanaySIGLO XXvCOLECCIONES923583 4aLiteratura dominicanaySIGLO XXvCOLECCIONES9235841 aRueda, Manuel,epról.919958 0aContemporáneosv196941 aValidado. Control de calidad. MMOLINA 001054708DSaGRbGRcHDd2009-11-13iLF1l0oRD861.44 G261rep10363-30r2020-06-25te.3w2020-06-25yLFDSzPerteneció a la biblioteca personal de Aída Cartagena Portalatín.ZPréstamo en sala 001054708DSaGRbGRcHDd2011-05-12iLF1l0oRD861.44 G261rep10363-60r2020-06-25te.4w2020-06-25yLFDSZPréstamo en sala 0010718PDaPDbPDcHDd2009-10-06iLF1l0oRD861.44 G261rep10363-10r2020-06-25w2020-06-25yLFPDzPerteneció a la biblioteca personal de Germán Emilio Ornes.ZNo se presta 0010718PDaPDbPDcHDd2009-10-06iLF1l0oRD861.44 G261rep10363-20r2020-06-25te.2w2020-06-25yLFPDzPerteneció a la biblioteca personal de Aída Cartagena Portalatín.ZNo se presta 001054708DSaPDbPDcHDd2011-08-04iLF1l0oRD861.44 G261rep10363-70r2020-06-25te.5w2020-06-25yLFDSZPréstamo en sala c10122d10122